01299nam a2200361 i 450000100060000000300090000600500170001500800390003202000150007104000360008604600090012208000240013108000120015510000430016724500770021026000760028730000540036333600270041733700540044433800280049838000160052638000370054238800140057938800140059365100120060765500190061965500100063865800210064870000290066971000620069885600980076085600790085832768KOSZ 00520210922133843.0991010s1998 pl a f |000 0 pol a8387424315 cKOSZ 005aKOSZ 005dKOSZ 005/HR k1998 a74/75.07-053.2(520) a(084.1)1 aMeisner, Krzysztofd(1928-2011)eAutor10aNauka umiejętności w Japonii /cKrzysztof Meisner, Stefan Sobkowski. aKoszalin :bWydawnictwo Uczelniane Politechniki Koszalińskiej,c1998. a6, 77 s. :bfot. rys. (w tym kolor.) ;c21x30 cm. 2rdacontentaTekstbtxt 2rdamediaaBez urządzenia pośredniczącegobn 2rdacarrieraWoluminbnc aKsiążki aAlbumy i książki artystyczne a1901-2000 a1989-2000 7aJaponia 4aSztuka dziecka 4aAlbum aKultura i sztuka1 aSobkowski, StefaneAutor2 aWydawnictwo Uczelniane (Politechnika Koszalińska)4pbl. uhttp://koha.tu.koszalin.pl/cgi-bin/koha/opac-detail.pl?biblionumber=32768yKatalog online BPK uhttp://dlibra.tu.koszalin.pl/dlibra/docmetadata?id=513yBiblioteka Cyfrowa